Bilingualité et bilinguisme
Gardado en:
| Autor Principal: | |
|---|---|
| Formato: | Libro |
| Idioma: | Undetermined |
| Publicado: |
Galerie de Princes, Bruxelles
Pierre Mardaga
1983
|
| Những chủ đề: | |
| Các nhãn: |
Engadir etiqueta
Sen Etiquetas, Sexa o primeiro en etiquetar este rexistro!
|
| Thư viện lưu trữ: | Trung tâm Học liệu Trường Đại học Cần Thơ |
|---|
| LEADER | 00484nam a2200169Ia 4500 | ||
|---|---|---|---|
| 001 | CTU_56421 | ||
| 008 | 210402s9999 xx 000 0 und d | ||
| 082 | |a 404.2 | ||
| 082 | |b H212 | ||
| 100 | |a Josiane F. Hamers | ||
| 245 | 0 | |a Bilingualité et bilinguisme | |
| 245 | 0 | |c Josiane F. Hamers et Michel Blanc | |
| 260 | |a Galerie de Princes, Bruxelles | ||
| 260 | |b Pierre Mardaga | ||
| 260 | |c 1983 | ||
| 650 | |a bilingualism | ||
| 980 | |a Trung tâm Học liệu Trường Đại học Cần Thơ | ||